Statistiques concernant Cours d'italien 7 - Repères de temps

Cliquez ici pour prendre le quiz!

Statistiques générales

  • Ce quiz a été pris 37 fois
  • Le résultat moyen est 17 sur 34

Statistiques - réponses

FranceseItaliano% Correct
LundiLunedi
100%
MardiMartedi
100%
MercrediMercoledi
100%
SamediSabato
100%
DimancheDomenica
90%
NovembreNovembre
90%
VendrediVenerdi
90%
DécembreDicembre
80%
JeudiGiovedi
80%
SeptembreSettembre
80%
AvrilAprile
70%
MarsMarzo
70%
OctobreOttobre
70%
AoûtAgosto
60%
FévrierFebbraio
60%
JanvierGennaio
50%
Depuis HierDa ieri
40%
Depuis Aujourd'huiDa oggi
40%
MaiMaggio
40%
Je suis en retardSono in ritardo
40%
Il y a deux joursDa due giorni
30%
Le matin, à huit heuresLa mattina, alle otto
30%
Je repars demainRiparto domani
30%
Je repars après-demainRiparto dopodomani
30%
Tu pars à quelle heure ?A che ora parti ?
20%
JuinGiugno
20%
Le matin, à huit heures trenteLa mattina, alle otto e trenta
20%
Le matin, à huit heures quinzeLa mattina, alle otto e un quarto
20%
Le soir, à dix-huit heuresLa sera, alle diciotto
20%
JuilletLuglio
20%
Je repars dans trois joursRiparto tra tre giorni
20%
Le matin, à huit heures quarante cinqLa mattina, alle otto e quarantacinque
10%
Tu restes combien de temp ?Quanto tempo resti ?
10%
Quand est-ce-que tu es arrivé ici ?Da quando sei qui ?
0%

Distribution des résultats

Percentile par nombre de réponses

% des personnes avec chaque résultat

Votre développement - résultats

Vous n’avez pas pris ce quiz